| 000 | 00405pab a2200133 454500 | ||
|---|---|---|---|
| 008 | 180718b xxu||||| |||| 00| 0 eng d | ||
| 100 | _aPandey Gyandendra | ||
| 245 | _aModes of history writing: new Hindu history of Ayodhya | ||
| 362 | _a29(25), 18 Jun 1994, p.1523-28 | ||
| 650 | _a Ayodhya -- History | ||
| 650 | _aReligions -- History -- India | ||
| 773 | _aEconomic and Political Weekly | ||
| 909 | _a27001 | ||
| 999 |
_c27001 _d27001 |
||